<?xml version="1.0" encoding="UTF-8"?>
<record
    xmlns:xsi="http://www.w3.org/2001/XMLSchema-instance"
    xsi:schemaLocation="http://www.loc.gov/MARC21/slim http://www.loc.gov/standards/marcxml/schema/MARC21slim.xsd"
    xmlns="http://www.loc.gov/MARC21/slim">

  <leader>03526nam a2200469   4500</leader>
  <datafield tag="999" ind1=" " ind2=" ">
    <subfield code="c">6560</subfield>
    <subfield code="d">6560</subfield>
  </datafield>
  <controlfield tag="003">OSt</controlfield>
  <controlfield tag="005">20260422111313.0</controlfield>
  <controlfield tag="008">190228c        xxuf||p| |||| 00| 0 spa d</controlfield>
  <datafield tag="020" ind1=" " ind2=" ">
    <subfield code="a">9789873047527</subfield>
  </datafield>
  <datafield tag="040" ind1=" " ind2=" ">
    <subfield code="c">PJ</subfield>
  </datafield>
  <datafield tag="245" ind1="1" ind2="0">
    <subfield code="a">Revista de derecho procesal :</subfield>
    <subfield code="b">A diez a&#xF1;os de la sanci&#xF3;n del C&#xF3;digo Civil y Comercial /</subfield>
    <subfield code="c">editor Roland Arazi...[et al.]</subfield>
  </datafield>
  <datafield tag="260" ind1=" " ind2=" ">
    <subfield code="a">Santa Fe:</subfield>
    <subfield code="b">Rubinzal-Culzoni,</subfield>
    <subfield code="c">2025.</subfield>
  </datafield>
  <datafield tag="300" ind1=" " ind2=" ">
    <subfield code="a">634 p.</subfield>
    <subfield code="c">23 cm.</subfield>
  </datafield>
  <datafield tag="310" ind1=" " ind2=" ">
    <subfield code="a">semestral</subfield>
  </datafield>
  <datafield tag="362" ind1=" " ind2=" ">
    <subfield code="a">No. 1 (2023)</subfield>
  </datafield>
  <datafield tag="505" ind1=" " ind2=" ">
    <subfield code="t">La constitucionalizaci&#xF3;n del derecho privado y el derecho procesal /</subfield>
    <subfield code="r">Jorge A. Rojas.</subfield>
  </datafield>
  <datafield tag="505" ind1=" " ind2=" ">
    <subfield code="t">Discrecionalidad judicial en el c&#xF3;digo civil y comercial de la naci&#xF3;n /</subfield>
    <subfield code="r">Mario Masciotr.</subfield>
  </datafield>
  <datafield tag="505" ind1=" " ind2=" ">
    <subfield code="t">El juez y el conflicto en el paradigma c&#xF3;digo civil y comercial de la naci&#xF3;n /</subfield>
    <subfield code="r">Dami&#xE1;n Alejandro Mariani Reola.</subfield>
  </datafield>
  <datafield tag="505" ind1=" " ind2=" ">
    <subfield code="t">El proceso de determinaci&#xF3;n de la capacidad jur&#xED;dica: &#x201C;todos los cambios transitados y todos los cambios que sean necesarios&#x201D; /</subfield>
    <subfield code="r">Julio C&#xE9;sar Macchi.</subfield>
  </datafield>
  <datafield tag="505" ind1=" " ind2=" ">
    <subfield code="t">Abuso del proceso a diez a&#xF1;os del c&#xF3;digo civil y comercial /</subfield>
    <subfield code="r">Ana Clara Pauletti y Mar&#xED;a Valentina Ram&#xED;rez Amable.</subfield>
  </datafield>
  <datafield tag="505" ind1=" " ind2=" ">
    <subfield code="t">L&#xED;mite a las costas procesales - el art&#xED;culo 730 del c&#xF3;digo civil y comercial de la naci&#xF3;n, una norma que demanda su reforma /</subfield>
    <subfield code="r">Agust&#xED;n Gabriel Sanjiao.</subfield>
  </datafield>
  <datafield tag="505" ind1=" " ind2=" ">
    <subfield code="t">La carga de la prueba o la ruptura de los l&#xED;mites del razonamiento - el camino a la real valoraci&#xF3;n de la prueba /</subfield>
    <subfield code="r">Jos&#xE9; Mar&#xED;a Salgado.</subfield>
  </datafield>
  <datafield tag="505" ind1=" " ind2=" ">
    <subfield code="t">La tutela cautelar a diez a&#xF1;os de la vigencia del c&#xF3;digo civil y comercial /</subfield>
    <subfield code="r">Federico D. Sedlacek.</subfield>
  </datafield>
  <datafield tag="505" ind1=" " ind2=" ">
    <subfield code="t">La funci&#xF3;n jurisdiccional preventiva y cautelar /</subfield>
    <subfield code="r">V&#xED;ctor Trionfetti.</subfield>
  </datafield>
  <datafield tag="505" ind1=" " ind2=" ">
    <subfield code="t">Emplazamiento y fundamentos de la pretensi&#xF3;n anticautelar en el sistema jur&#xED;dico argentino /</subfield>
    <subfield code="r">Amalia Fern&#xE1;ndez Balbis.</subfield>
  </datafield>
  <datafield tag="505" ind1=" " ind2=" ">
    <subfield code="t">Normas procesales en el c&#xF3;digo civil y comercial de la naci&#xF3;n - acci&#xF3;n preventiva. prescripci&#xF3;n liberatoria. cargas probatorias /</subfield>
    <subfield code="r">Alejandro Borda.</subfield>
  </datafield>
  <datafield tag="505" ind1=" " ind2=" ">
    <subfield code="t">La tutela preventiva de da&#xF1;os a diez a&#xF1;os de la sanci&#xF3;n del c&#xF3;digo civil y comercial de la naci&#xF3;n: entre el precepto que surge de los art&#xED;culos 1710 y siguientes, la jurisprudencia y la v&#xED;a procesal id&#xF3;nea /</subfield>
    <subfield code="r">Ignacio Agust&#xED;n Falke.</subfield>
  </datafield>
  <datafield tag="505" ind1=" " ind2=" ">
    <subfield code="t">Protecci&#xF3;n de derechos personal&#xED;simos en contextos digitales: la importancia de la acci&#xF3;n preventiva de da&#xF1;os del c&#xF3;digo civil y comercial de la naci&#xF3;n /</subfield>
    <subfield code="r">Sof&#xED;a Benavidez.</subfield>
  </datafield>
  <datafield tag="505" ind1=" " ind2=" ">
    <subfield code="t">Arbitraje en el c&#xF3;digo civil y comercial: an&#xE1;lisis cr&#xED;tico de los l&#xED;mites a la arbitrabilidad objetiva /</subfield>
    <subfield code="r">Leandro Giannini.</subfield>
  </datafield>
  <datafield tag="505" ind1=" " ind2=" ">
    <subfield code="t">La relaci&#xF3;n entre la acci&#xF3;n civil y la penal - balance a 10 a&#xF1;os de la sanci&#xF3;n del c&#xF3;digo civil y comercial /</subfield>
    <subfield code="r">- por Federico Carestia.</subfield>
  </datafield>
  <datafield tag="505" ind1=" " ind2=" ">
    <subfield code="t">La habilidad ejecutiva del t&#xED;tulo rubricado con firma electr&#xF3;nica.</subfield>
    <subfield code="r">Mart&#xED;n Loporassi Yapur.</subfield>
  </datafield>
  <datafield tag="505" ind1=" " ind2=" ">
    <subfield code="t">R&#xE9;gimen de expensas de clubes de campo /</subfield>
    <subfield code="r">Carlos Antonio Turina.</subfield>
  </datafield>
  <datafield tag="505" ind1=" " ind2=" ">
    <subfield code="t">Reformas del c&#xF3;digo civil y comercial de la naci&#xF3;n al procedimiento sucesorio /</subfield>
    <subfield code="r">Mart&#xED;n Ponce.</subfield>
  </datafield>
  <datafield tag="505" ind1=" " ind2=" ">
    <subfield code="t">La cesi&#xF3;n de derechos hereditarios a diez a&#xF1;os de la sanci&#xF3;n del c&#xF3;digo civil y comercial de la naci&#xF3;n /</subfield>
    <subfield code="r">Mar&#xED;a Soledad Tagliani.</subfield>
  </datafield>
  <datafield tag="650" ind1=" " ind2="0">
    <subfield code="9">267</subfield>
    <subfield code="a">DERECHO PROCESAL</subfield>
  </datafield>
  <datafield tag="650" ind1=" " ind2="0">
    <subfield code="9">1497</subfield>
    <subfield code="a">CODIGO CIVIL Y COMERCIAL</subfield>
  </datafield>
  <datafield tag="700" ind1=" " ind2=" ">
    <subfield code="9">1980</subfield>
    <subfield code="a">Arazi, Roland</subfield>
    <subfield code="e">director</subfield>
  </datafield>
  <datafield tag="700" ind1=" " ind2=" ">
    <subfield code="9">119</subfield>
    <subfield code="a">Berizonce, Roberto Omar</subfield>
    <subfield code="e">director</subfield>
  </datafield>
  <datafield tag="700" ind1=" " ind2=" ">
    <subfield code="a">Falc&#xF3;n, Enrique Manuel</subfield>
    <subfield code="e">director</subfield>
    <subfield code="9">270</subfield>
  </datafield>
  <datafield tag="700" ind1=" " ind2=" ">
    <subfield code="9">2135</subfield>
    <subfield code="a">Peyrano, Jorge Walter</subfield>
    <subfield code="e">director</subfield>
  </datafield>
  <datafield tag="942" ind1=" " ind2=" ">
    <subfield code="2">udc</subfield>
    <subfield code="c">PP</subfield>
    <subfield code="h">347.9(05)</subfield>
    <subfield code="i">REV</subfield>
  </datafield>
  <datafield tag="952" ind1=" " ind2=" ">
    <subfield code="0">0</subfield>
    <subfield code="1">0</subfield>
    <subfield code="2">udc</subfield>
    <subfield code="4">0</subfield>
    <subfield code="7">0</subfield>
    <subfield code="a">DJS</subfield>
    <subfield code="b">DJS</subfield>
    <subfield code="d">2026-02-24</subfield>
    <subfield code="p">6777</subfield>
    <subfield code="r">2026-02-24</subfield>
    <subfield code="w">2026-02-24</subfield>
    <subfield code="y">PP</subfield>
  </datafield>
</record>
